000
00279nam a22001217a 4500
008
190129b xxu||||| |||| 00| 0 eng d
041
_a
eng
080
_2
5th
_a
339.138
100
_a
60
101
_a
MKT
245
_a
Skills for Consumer Success
_c
Donnelly,M.Q
942
_2
udc
_c
BK
999
_c
53868
_d
53868